000 00472nam a22001817a 4500
005 20231002113610.0
008 230926b |||||||| |||| 00| 0 eng d
020 _a9780415721004
082 _a658.15
_bROB-F
100 _aRoberts,Richard
245 _aFinance for Small and Entrepreneurial Businesses
260 _aUSA
_bTaylor & Francis Group
_c2015
300 _a132
500 _aInclude Index
650 _aManagement
700 _aRichard Roberts
999 _c33718
_d33718